• 首页
  • 本馆介绍
  • 公告通知
  • 最新文献
  • 馆藏检索
  • 电子资源
  • 读者导购
  • 参考咨询
  • 我的图书馆
  • 登录
  • 详细信息显示
  • 放入我的书架
  • 预约/预借图书
  • 作者相关作品
  • 分类相关作品
  • 丛书相关作品
  • 出版社相关作品

书目信息

  • 表格格式
  • 工作单格式
  • 卡片格式
题名:
Visual FoxPro3.0入门捷径
    
 
作者: Susan L.Reber , Robert Nichols Kulik 著
分册:  
出版信息: 北京   电子工业出版社  1996.06
页数: 176页
开本: 26cm
丛书名:
单 册:
中图分类: TP392
科图分类:
主题词: 计算机应用
电子资源:
ISBN: 7-5053-3403-4
000 00740nam0 2200217 450
001 0833183683
005 20080918091647.05
010    @a7-5053-3403-4@dCNY31.00
100    @a20080918d1996 km y0chiy0120 ea
101 0  @achi
102    @aCN@b110000
200 1  @aVisual FoxPro3.0入门捷径@AVisual FoxPro3.0 ru men jie jing@eTeaches Visual FoxPro3.0@f(美)Susan L.Reber,Robert Nichols Kulik著@F(mei)Susan L.Reber,Robert Nichols Kulik zhu
210    @a北京@c电子工业出版社@d1996.06
215    @a176页@d26cm
517 1  @aTeaches Visual FoxPro3.0
606 0  @a计算机应用
690    @aTP392@v4
701  0 @aSusan L.Reber@4著
701  0 @aRobert Nichols Kulik@4著
801  0 @aCN@b大连网信软件有限公司图书馆·11@c20080918
905    @aBZT@dTP392@e5
    
    Visual FoxPro3.0入门捷径:Teaches Visual FoxPro3.0/(美)Susan L.Reber,Robert Nichols Kulik著.-北京:电子工业出版社,1996.06
    176页;26cm
    
    
    ISBN 7-5053-3403-4:CNY31.00
    
●
相关链接 在五车中查询图书 在当当中查询图书 在豆瓣中查询图书


正题名:Visual FoxPro3.0入门捷径     索取号:TP392/5         预约/预借

序号 登录号 条形码 馆藏地/架位号 状态 备注
1 015874   201274575   中心书库中库/ 中库026架A面2列4层34/ [索取号:TP392/5] 在馆    
山东省滨州职业学院图书馆 欢迎您!
大连网信软件有限公司© 版权所有